Municipalities in Plymouth County, MA - Statistics

General Stats
  • This quiz has been taken 166 times
  • The average score is 20 of 27
Answers on the Map
Answers color-coded by a green-red scale on the quiz's map according to % correct below.
 
Answer Stats
Population City/Town % Correct
61,217 Plymouth
100%
24,284 Hingham
97%
10,072 Hull
97%
105,643 Brockton
91%
19,063 Scituate
91%
16,090 Duxbury
88%
25,825 Marshfield
82%
28,633 Bridgewater
79%
14,440 East Bridgewater
79%
24,245 Middleborough
76%
7,707 West Bridgewater
76%
13,708 Kingston
73%
11,351 Norwell
73%
23,303 Wareham
73%
14,833 Hanover
70%
2,930 Plympton
70%
17,062 Abington
67%
11,645 Carver
67%
5,347 Marion
67%
6,508 Mattapoisett
67%
11,523 Lakeville
64%
17,803 Rockland
64%
18,361 Pembroke
61%
15,121 Whitman
61%
7,749 Halifax
58%
5,717 Rochester
58%
10,639 Hanson
55%
No matching quizzes found
Score Distribution
Percent of People with Each Score
Percentile by Number Answered
Your Score History
You have not taken this quiz